| 000 | 00877nam a2200265 i 4500 | ||
|---|---|---|---|
| 001 | bg | ||
| 100 | 1 | _aChodkiewicz, Ryszard. | |
| 245 | 1 | 0 |
_aĆwiczenia projektowe z turbin cieplnych / _cRyszard Chodkiewicz. |
| 260 |
_aWarszawa : _bWydawnictwa Naukowo-Techniczne, _c2008. |
||
| 300 |
_a244 s. : _bil. (gł. kolor.) ; _c24 cm + _edysk optyczny (CD). |
||
| 504 | _aBibliogr. przy rozdz. Indeks. | ||
| 521 | 8 | _aPodręcznik akademicki. | |
| 650 | 9 |
_aTurbiny cieplne _xbudowa i konstrukcje |
|
| 655 | _aPodręczniki akademickie | ||
| 015 | _aPB 14157/2008 | ||
| 020 | _a9788320433623 | ||
| 040 | _cBPK | ||
| 041 | _apol | ||
| 044 | _aPOL | ||
| 080 | _a621.165:621.438](075.8) | ||
| 920 |
_a978-83-204-3362-3 : _czł 59 |
||
| 942 | _cKS | ||
| 008 | 080409s2008 pl a f f |001 0 pol | ||
| 999 |
_c55592 _d55592 |
||
| 856 |
_uhttp://koha.tu.koszalin.pl/cgi-bin/koha/opac-detail.pl?biblionumber=55592 _yKatalog online BPK |
||